000 00338nam a22001577a 4500
003 SGT
020 _a9780199457069
082 _a428.34,KUM
100 _aKUMAR,SANJAY
245 _aCOMMUNICATION SKILLS
250 _a2ND
260 _aNEW DELHI
_bOXFORD
_c2015
300 _a600
650 _aCOMMUNICATION SKILLS
942 _2ddc
_cBK
_01
999 _c10449
_d10449